[Event "ROM-ch op"]
[Site "Sarata Monteoru"]
[Date "2011.02.20"]
[Round "11"]
[White "Domanyek, Erno"]
[Black "Dan, Cristian"]
[Result "1-0"]
[WhiteElo "2227"]
[BlackElo "1983"]
[PlyCount "101"]
[EventDate "2011.02.12"]
[EventType "swiss"]
[EventRounds "11"]
[EventCountry "ROU"]
[SourceTitle "EXT 2013"]
[Source "ChessBase"]
[SourceDate "2012.11.22"]
[SourceVersion "1"]
[SourceVersionDate "2012.11.22"]
[SourceQuality "1"]

1. e4 c5 2. Nc3 Nc6 3. f4 d6 4. Bc4 Nf6 5. Nf3 Bg4 6. h3 Bxf3 7. Qxf3 Nd4 8. Qd1 a6 9. a4 e6 10. 0-0 Nxe4 11. Nxe4 d5 12. d3 dxe4 13. dxe4 Be7 14. c3 Nc6 15. Qg4 0-0 16. Be3 Qc7 17. Ba2 Kh8 18. f5 Ne5 19. Qh5 exf5 20. Qxf5 f6 21. Bd5 c4 22. Kh1 Nd3 23. Rab1 Rab8 24. b4 cxb3 25. Rxb3 Bc5 26. Bd4 b5 27. axb5 axb5 28. Qf3 Ne5 29. Qg3 Bd6 30. Qe3 Nc4 31. Qe2 Qe7 32. Rf5 Bc7 33. Rh5 g6 34. Rh4 Qd6 35. Bg1 Ra8 36. Bxa8 Rxa8 37. e5 Nxe5 38. Rd4 Qe6 39. Rxb5 Ra1 40. Rd1 Ra2 41. Rb2 Rxb2 42. Qxb2 Nf3 43. Qb7 Ng5 44. Qxc7 Nf7 45. Qd7 Qc4 46. Qd4 Qc6 47. c4 Kg7 48. Qd5 Qc7 49. Bh2 Qc8 50. c5 Ng5 51. Qd7+ 1-0

[Event "ROM-ch op"]
[Site "Sarata Monteoru"]
[Date "2011.02.18"]
[Round "9"]
[White "Domanyek, Erno"]
[Black "Anuta, Laurentiu"]
[Result "1-0"]
[WhiteElo "2227"]
[BlackElo "2034"]
[PlyCount "67"]
[EventDate "2011.02.12"]
[EventType "swiss"]
[EventRounds "11"]
[EventCountry "ROU"]
[SourceTitle "CBM 140 Extra"]
[Source "ChessBase"]
[SourceDate "2011.03.01"]
[SourceVersion "1"]
[SourceVersionDate "2011.03.01"]
[SourceQuality "1"]

1. e4 c6 2. d3 d5 3. Nd2 Nf6 4. Ngf3 Bg4 5. h3 Bxf3 6. Qxf3 Qc7 7. g3 Nbd7 8. Bg2 e6 9. 0-0 dxe4 10. dxe4 Be7 11. b3 0-0 12. Bb2 Bd6 13. Rad1 Rad8 14. Qe2 Be5 15. c3 Qa5 16. Nc4 Qa6 17. Qc2 Bc7 18. a4 Ne5 19. Nxe5 Bxe5 20. f4 Bc7 21. Kh2 c5 22. c4 Nd7 23. Qc3 f6 24. h4 Nb8 25. Qe3 Qb6 26. Ba3 Na6 27. e5 f5 28. Qf3 Rxd1 29. Rxd1 Rd8 30. Rxd8+ Bxd8 31. Qxb7 Kf8 32. Qd7 Nb8 33. Bxc5+ Qxc5 34. Qxd8+ 1-0

[Event "ROM-ch op"]
[Site "Sarata Monteoru"]
[Date "2011.02.12"]
[Round "1"]
[White "Domanyek, Erno"]
[Black "Vacar, Gligore"]
[Result "1-0"]
[WhiteElo "2227"]
[BlackElo "1810"]
[PlyCount "77"]
[EventDate "2011.02.12"]
[EventType "swiss"]
[EventRounds "11"]
[EventCountry "ROU"]
[SourceTitle "CBM 140 Extra"]
[Source "ChessBase"]
[SourceDate "2011.03.01"]
[SourceVersion "1"]
[SourceVersionDate "2011.03.01"]
[SourceQuality "1"]

1. e4 e6 2. d4 g6 3. f4 b6 4. Nf3 Bb7 5. Bd3 Bg7 6. 0-0 Ne7 7. f5 0-0 8. c3 exf5 9. exf5 Nxf5 10. Bxf5 gxf5 11. d5 Qe7 12. Nd4 Bxd4+ 13. cxd4 Qe4 14. Nc3 Qg4 15. Qc2 Qxd4+ 16. Kh1 Ba6 17. Rf3 d6 18. Bh6 Nd7 19. Rg3+ Kh8 20. Bg7+ Qxg7 21. Rxg7 Kxg7 22. Qxf5 Ne5 23. Qg5+ Kh8 24. Qf6+ Kg8 25. Re1 Rfe8 26. h4 Nd7 27. Qg5+ Kh8 28. Rxe8+ Rxe8 29. Qf5 Ne5 30. Qf6+ Kg8 31. h5 Nd7 32. Qg5+ Kh8 33. h6 Rg8 34. Qe7 Bf1 35. Qxd7 Bxg2+ 36. Kh2 Bf3 37. Qxf7 Bg4 38. Qf6+ Rg7 39. Qxg7# 1-0

[Event "ROM-ch"]
[Site "Brasov"]
[Date "2004.11.21"]
[Round "1"]
[White "Burnoiu, Nicolae Costel"]
[Black "Domanyek, Erno"]
[Result "0-1"]
[WhiteElo "2411"]
[BlackElo "2208"]
[PlyCount "106"]
[EventDate "2004.11.20"]
[EventType "k.o."]
[EventRounds "5"]
[EventCountry "ROU"]
[SourceTitle "EXT 2006"]
[Source "ChessBase"]
[SourceDate "2005.11.24"]
[SourceVersion "1"]
[SourceVersionDate "2005.11.24"]
[SourceQuality "1"]

1. e4 e6 2. d4 d5 3. Nd2 Nf6 4. e5 Nfd7 5. Bd3 c5 6. c3 Nc6 7. Ne2 cxd4 8. cxd4 Be7 9. 0-0 0-0 10. f4 f5 11. exf6 Bxf6 12. Nf3 Qb6 13. Kh1 g6 14. b3 Ndb8 15. Ba3 Nb4 16. Rc1 N8c6 17. Bb1 Bd7 18. Bb2 a5 19. a3 Na6 20. h4 Ne7 21. h5 a4 22. b4 Bb5 23. Re1 Nf5 24. Nc3 Ng3+ 25. Kh2 Nxh5 26. Nxb5 Qxb5 27. g3 Qd7 28. Bd3 Nc7 29. Qe2 Ng7 30. Kg2 Nce8 31. Bb5 Qd8 32. Qc2 Nd6 33. Bxa4 Nc4 34. Bb3 Nxa3 35. Qc7 Qxc7 36. Rxc7 b5 37. Bxa3 Rxa3 38. Bc2 Ra2 39. Kh3 Rfa8 40. Rc1 Ne8 41. Rc6 R2a6 42. Bd3 Nd6 43. Ne5 Nc4 44. Rc5 Ra3 45. Be2 g5 46. fxg5 Bxe5 47. dxe5 Re3 48. Bg4 Rxe5 49. Rxb5 Re3 50. Rb7 Raa3 51. Rg1 Nd6 52. Rd7 Nf7 53. Rf1 Rxg3+ 0-1

[Event "ROM-ch sf U18"]
[Site "Eforie Nord"]
[Date "2001.??.??"]
[Round "?"]
[White "Barzanu, Iulian"]
[Black "Domanyek, Erno"]
[Result "1/2-1/2"]
[WhiteElo "2117"]
[BlackElo "2079"]
[PlyCount "40"]
[EventDate "2001.01.28"]
[EventType "swiss"]
[EventRounds "9"]
[EventCountry "ROU"]
[SourceTitle "EXT 2004"]
[Source "ChessBase"]
[SourceDate "2003.11.25"]
[SourceVersion "1"]
[SourceVersionDate "2003.11.25"]
[SourceQuality "1"]

1. e4 c5 2. Nf3 Nc6 3. d4 cxd4 4. Nxd4 Nf6 5. Nc3 g6 6. Nxc6 bxc6 7. e5 Ng8 8. Bc4 Bg7 9. Qf3 f5 10. Bf4 e6 11. 0-0 Nh6 12. Qg3 Nf7 13. h4 Rb8 14. Rfe1 Rg8 15. Rad1 Qc7 16. b3 Bf8 17. Nb1 h6 18. Bc1 g5 19. Bb2 Bg7 20. f4 Bf8 1/2-1/2

[Event "ROM-ch U20"]
[Site "Tusnad"]
[Date "2001.??.??"]
[Round "?"]
[White "Domanyek, Erno"]
[Black "Miron, Lucian Costin"]
[Result "1-0"]
[WhiteElo "2079"]
[BlackElo "2063"]
[PlyCount "49"]
[EventDate "2001.??.??"]
[EventType "swiss"]
[EventRounds "9"]
[EventCountry "ROU"]
[SourceTitle "EXT 2008"]
[Source "ChessBase"]
[SourceDate "2007.11.25"]
[SourceVersion "1"]
[SourceVersionDate "2007.11.25"]
[SourceQuality "1"]

1. e4 c5 2. Nf3 d6 3. d4 cxd4 4. Nxd4 Nf6 5. Nc3 a6 6. f3 e6 7. Be3 b5 8. Qd2 Bb7 9. g4 Nfd7 10. 0-0-0 Nb6 11. Nb3 Nc6 12. Qf2 Nd7 13. h4 Nce5 14. g5 Be7 15. Kb1 b4 16. Na4 Nxf3 17. Qxf3 Bc6 18. Nac5 dxc5 19. Nxc5 Qc7 20. Nxd7 Bxd7 21. h5 0-0 22. Bd3 f5 23. exf5 exf5 24. Qd5+ Kh8 25. h6 1-0

[Event "ROM-ch U18"]
[Site "Sovata"]
[Date "2001.??.??"]
[Round "?"]
[White "Domanyek, Erno"]
[Black "Szabo, Gergely Andras"]
[Result "0-1"]
[WhiteElo "2075"]
[BlackElo "2330"]
[PlyCount "48"]
[EventDate "2001.03.31"]
[EventType "tourn"]
[EventRounds "11"]
[EventCountry "ROU"]
[SourceTitle "EXT 2008"]
[Source "ChessBase"]
[SourceDate "2007.11.25"]
[SourceVersion "1"]
[SourceVersionDate "2007.11.25"]
[SourceQuality "1"]

1. e4 c5 2. Nf3 d6 3. d4 cxd4 4. Nxd4 Nf6 5. Nc3 a6 6. Be3 e6 7. Qd2 b5 8. f3 Nbd7 9. g4 Nb6 10. 0-0-0 Bb7 11. h4 Nfd7 12. Qf2 Rc8 13. g5 Qc7 14. Bh3 b4 15. Nd5 Nxd5 16. exd5 Bxd5 17. Kb1 g6 18. h5 Bg7 19. Nb3 Bxf3 20. Rdf1 0-0 21. Bg2 Bxh5 22. Nd4 Ne5 23. Rxh5 gxh5 24. Be4 d5 0-1

[Event "ROM-ch U20"]
[Site "Tusnad"]
[Date "2001.??.??"]
[Round "?"]
[White "Sebe Vodislav, Razvan Alex"]
[Black "Domanyek, Erno"]
[Result "0-1"]
[WhiteElo "2310"]
[BlackElo "2079"]
[PlyCount "100"]
[EventDate "2001.??.??"]
[EventType "swiss"]
[EventRounds "9"]
[EventCountry "ROU"]
[SourceTitle "EXT 2008"]
[Source "ChessBase"]
[SourceDate "2007.11.25"]
[SourceVersion "1"]
[SourceVersionDate "2007.11.25"]
[SourceQuality "1"]

1. e4 c5 2. Nc3 Nc6 3. Nf3 g6 4. d4 cxd4 5. Nxd4 Bg7 6. Be3 Nf6 7. Bc4 0-0 8. Bb3 a5 9. f3 d5 10. Nxd5 Nxd5 11. exd5 Nb4 12. 0-0 Nxd5 13. Bf2 a4 14. Bc4 e5 15. Nb5 Be6 16. Rb1 Ne3 17. Qxd8 Raxd8 18. Bd3 Nxf1 19. Kxf1 Rc8 20. b3 axb3 21. axb3 Rfd8 22. Ke2 Bf8 23. Be1 Rxd3 24. cxd3 Rc2+ 25. Kf1 Bf5 26. Rd1 Rb2 27. Nc3 Rxb3 28. g4 Be6 29. g5 h6 30. h4 hxg5 31. hxg5 Be7 32. Ne4 Bf5 33. Bg3 Bxe4 34. fxe4 Rb5 35. Bh4 Kf8 36. Ke2 Bc5 37. Kf3 Rb2 38. Rc1 Bd4 39. Be1 Ke8 40. Rc4 Kd7 41. Ra4 b5 42. Ra8 b4 43. Rf8 Ke7 44. Rb8 b3 45. Rb7+ Ke8 46. Bb4 Rb1 47. Ke2 Ra1 48. Bc3 Bxc3 49. Rxb3 Bd4 50. Rb8+ Ke7 0-1

[Event "ROM-ch U20"]
[Site "Baile Tusnad"]
[Date "2000.05.11"]
[Round "9"]
[White "Domanyek, Erno"]
[Black "Pachia, Mihai"]
[Result "0-1"]
[WhiteElo "1900"]
[BlackElo "1784"]
[PlyCount "60"]
[EventDate "2000.05.03"]
[EventType "swiss"]
[EventRounds "9"]
[EventCountry "ROU"]
[SourceTitle "EXT 2004"]
[Source "ChessBase"]
[SourceDate "2003.11.25"]
[SourceVersion "1"]
[SourceVersionDate "2003.11.25"]
[SourceQuality "1"]

1. e4 c6 2. d4 d5 3. e5 Bf5 4. Nc3 e6 5. g4 Bg6 6. Nge2 Ne7 7. h4 c5 8. Nf4 cxd4 9. Nb5 Nec6 10. h5 a6 11. Nd6+ Bxd6 12. exd6 Be4 13. f3 g5 14. Nh3 h6 15. fxe4 dxe4 16. Bg2 f5 17. 0-0 0-0 18. gxf5 exf5 19. c3 Qxd6 20. Qb3+ Kh8 21. Bxe4 fxe4 22. Rxf8+ Qxf8 23. Qe6 Nd7 24. Qxd7 Rd8 25. Qg4 e3 26. Qe4 Re8 27. Qg2 e2 28. Bd2 Ne5 29. Qxe2 Nf3+ 30. Qxf3 Qxf3 0-1

[Event "Ghiocelul op"]
[Site "Ghiocelul"]
[Date "2000.??.??"]
[Round "?"]
[White "Domanyek, Erno"]
[Black "Bartha, Andrei"]
[Result "1-0"]
[WhiteElo "1900"]
[BlackElo "2170"]
[PlyCount "123"]
[EventDate "2000.??.??"]
[EventType "swiss"]
[EventRounds "9"]
[EventCountry "ROU"]
[SourceTitle "EXT 2004"]
[Source "ChessBase"]
[SourceDate "2003.11.25"]
[SourceVersion "1"]
[SourceVersionDate "2003.11.25"]
[SourceQuality "1"]

1. d4 Nf6 2. c4 g6 3. Nc3 d5 4. cxd5 Nxd5 5. e4 Nxc3 6. bxc3 Bg7 7. Nf3 c5 8. Rb1 0-0 9. Be2 cxd4 10. cxd4 Nd7 11. 0-0 Qa5 12. Qc2 a6 13. Bd2 Qd8 14. e5 b5 15. a4 bxa4 16. Qxa4 Rb8 17. Ba5 Qe8 18. Qa2 Bb7 19. Bc7 Be4 20. Bxb8 Bxb1 21. Rxb1 Nxb8 22. Bxa6 Nxa6 23. Qxa6 e6 24. g3 h6 25. Qb5 Qa8 26. Qb7 Qa2 27. Kg2 Rd8 28. Rc1 Qa8 29. Qxa8 Rxa8 30. Rc7 Rd8 31. Kf1 Bf8 32. Ke2 g5 33. h3 Kg7 34. Ke3 Kg6 35. h4 gxh4 36. Nxh4+ Kg7 37. f4 Ra8 38. f5 Ra3+ 39. Ke4 exf5+ 40. Nxf5+ Kg8 41. g4 Ra6 42. Rc8 f6 43. Nxh6+ Kg7 44. Nf5+ Kf7 45. exf6 Rxf6 46. Rc7+ Ke8 47. Rb7 Ba3 48. Ke5 Rg6 49. Rg7 Rxg7 50. Nxg7+ Kf7 51. Ne6 Ke7 52. Kf5 Kf7 53. g5 Bd6 54. g6+ Ke7 55. Ng5 Kf8 56. Ke6 Ba3 57. Nf7 Kg7 58. Ne5 Bb4 59. d5 Bc5 60. d6 Bb6 61. d7 Bc7 62. Kf5 1-0

[Event "Ghiocelul op"]
[Site "Ghiocelul"]
[Date "2000.??.??"]
[Round "?"]
[White "Domanyek, Erno"]
[Black "Bogdan, Dan"]
[Result "1/2-1/2"]
[WhiteElo "1900"]
[BlackElo "2350"]
[PlyCount "81"]
[EventDate "2000.??.??"]
[EventType "swiss"]
[EventRounds "9"]
[EventCountry "ROU"]
[SourceTitle "EXT 2004"]
[Source "ChessBase"]
[SourceDate "2003.11.25"]
[SourceVersion "1"]
[SourceVersionDate "2003.11.25"]
[SourceQuality "1"]

1. d4 f5 2. e4 fxe4 3. Nc3 e3 4. Bxe3 Nf6 5. Bd3 d5 6. Bg5 Bg4 7. Qd2 Nbd7 8. f3 Bh5 9. Nge2 Bf7 10. 0-0-0 c6 11. Kb1 Qb6 12. Na4 Qc7 13. Ng3 e6 14. Bf4 Bd6 15. Bxd6 Qxd6 16. Qe3 0-0 17. Nc5 Nxc5 18. dxc5 Qc7 19. Rhe1 b6 20. c4 Rfd8 21. cxd5 cxd5 22. cxb6 axb6 23. Qd4 Qc5 24. Ne2 e5 25. Qxc5 bxc5 26. Nc1 c4 27. Bc2 d4 28. Be4 Nxe4 29. fxe4 Bg6 30. b3 Rf8 31. bxc4 Rf4 32. g3 Rxe4 33. Rxe4 Bxe4+ 34. Kb2 Bf3 35. Rd2 Rc8 36. Nd3 Re8 37. Nb4 Ba8 38. c5 Kf7 39. Kb3 Ke6 40. Kc4 Rb8 41. a4 1/2-1/2

[Event "Ghiocelul op"]
[Site "Ghiocelul"]
[Date "2000.??.??"]
[Round "?"]
[White "Popa, Valentin"]
[Black "Domanyek, Erno"]
[Result "1/2-1/2"]
[WhiteElo "2235"]
[BlackElo "1900"]
[PlyCount "46"]
[EventDate "2000.??.??"]
[EventType "swiss"]
[EventRounds "9"]
[EventCountry "ROU"]
[SourceTitle "EXT 2004"]
[Source "ChessBase"]
[SourceDate "2003.11.25"]
[SourceVersion "1"]
[SourceVersionDate "2003.11.25"]
[SourceQuality "1"]

1. d4 Nf6 2. c4 g6 3. Nc3 Bg7 4. e4 d6 5. Nf3 0-0 6. Be2 Nbd7 7. 0-0 e5 8. Qc2 exd4 9. Nxd4 Re8 10. Be3 Nc5 11. f3 a5 12. Rad1 Nfd7 13. Qd2 Ne5 14. Ndb5 Bd7 15. Rfe1 Ne6 16. f4 Bxb5 17. cxb5 Nd7 18. Bf3 Rb8 19. a3 Nec5 20. Qc2 b6 21. Nd5 Nf6 22. Bf2 Nxd5 23. exd5 a4 1/2-1/2

[Event "Ghiocelul op"]
[Site "Ghiocelul"]
[Date "2000.??.??"]
[Round "?"]
[White "Tirziu, Mircea"]
[Black "Domanyek, Erno"]
[Result "1/2-1/2"]
[WhiteElo "2280"]
[BlackElo "1900"]
[PlyCount "50"]
[EventDate "2000.??.??"]
[EventType "swiss"]
[EventRounds "9"]
[EventCountry "ROU"]
[SourceTitle "EXT 2004"]
[Source "ChessBase"]
[SourceDate "2003.11.25"]
[SourceVersion "1"]
[SourceVersionDate "2003.11.25"]
[SourceQuality "1"]

1. e4 c5 2. Nf3 d6 3. c3 Nf6 4. Bd3 Nc6 5. 0-0 g6 6. Bc2 Bg7 7. d4 cxd4 8. cxd4 0-0 9. Nc3 Bg4 10. Be3 e5 11. d5 Nb4 12. Bb1 a5 13. h3 Bxf3 14. Qxf3 Nd7 15. a3 Na6 16. Bc2 Nb6 17. Bd3 Nd7 18. Rac1 Nac5 19. Bc2 a4 20. Qd1 Qa5 21. Bd2 Qa6 22. Na2 Qb6 23. Rb1 Rfc8 24. Nc3 Qa6 25. Be3 Qa5 1/2-1/2